000 01195nam a22003737a 4500
003 CHAP
005 20220817042905.0
008 971013s1993 r 00010 d
010 _a58950
011 _a59922
035 _a64082
040 _cCHAP
082 _a636.085
_bR62 1993
100 0 0 _aRobbins, Charles T.
_997881
245 _aWildlife feeding and nutrition
250 _a2 ed.
260 _aSan Diego, Ca. :
_bAcademic Press,
_c1993
300 _a352 p.
_b: ilus.
490 _aAnimal feeding and nutrition
590 _aBATCH-UPD
_b10
_c20130110
_lUCH01
_h0143
590 _aBATCH-UPD
_b10
_c20130110
_lUCH01
_h1548
590 _aBATCH-UPD
_b10
_c20130410
_lUCH01
_h0946
590 _aBATCH-UPD
_b10
_c20130914
_lUCH01
_h0333
590 _aCONVERSION
_b10
_c20130109
_lUCH01
_h1332
650 1 4 _aDigestión.
_932567
650 1 4 _aMetabolismo en rumiantes.
_975155
650 1 4 _aMinerales en nutrición animal.
_975937
650 1 4 _aNutrición animal.
650 1 4 _aVida silvestre.
_9119155
830 0 _aAnimal feeding and nutrition
_95850
901 _aBK
942 _cLIBRO
949 _a636.085 R62 1993
_bBC
_cLIBRO
_d33724000084448
_eLIBRO
_gI. 181195
_h90074
_i64082
_si
_t739.00
999 _c58950
_d58950